Prípad a.s. Víno Košice na prokuratúre

Bibliographic Details
Main Author: Kočuta, Štefan (Author)
Corporate Author: Víno, Košice (Author)
Format: Article
Language:Slovak
Subjects:

MARC

LEADER 00000nab a2200000 a 4500
001 vtls000892622
003 SK-MaSNL
005 20260302175948.0
008 040720e19940513xo 0 slo
035 |a KE1658 
040 |a KEVKJB  |b slo  |c KEVKJB  |e AACR2 
041 0 |a slo 
044 |a xo  |c SK 
080 |a 663.2  |2 1981 
100 1 |a Kočuta, Štefan  |4 aut  |9 877677 
245 1 0 |a Prípad a.s. Víno Košice na prokuratúre 
610 2 7 |a Víno, Košice  |2 KEVKJB  |9 879624 
650 0 7 |a privatizácia  |2 KEVKJB  |9 2343 
650 0 7 |a správy  |2 KEVKJB  |9 276219 
651 7 |a KE,  |2 KEVKJB  |9 877256 
651 7 |a KE,  |2 KEVKJB  |9 877256 
655 7 |a periodikum  |2 snkbucl  |9 29553 
710 2 |a Víno, Košice  |4 aut  |9 879624 
773 0 8 |t Roľnícke novinky  |g Roč. 28, č.110, 13.5.1994, s. 1 
852 |a ZVYKNI  |b KIS3GCP 
999 |c 1408950  |d 1410880